|
|
|
|
| LEADER |
02053nam a2200277 u 4500 |
| 001 |
10119314 |
| 003 |
GR-PaULI |
| 005 |
20210117205749.0 |
| 008 |
160303s2016 gr a f m gre |
| 040 |
|
|
|a GR-PaULI
|c GR-PaULI
|b gre
|e AACR-2
|
| 082 |
|
|
|2 23
|a 616.123
|
| 100 |
1 |
|
|a Παπαθανασίου, Μαρία
|9 46375
|e συγγραφέας
|
| 245 |
1 |
0 |
|a Ανίχνευση ασβέστωσης των στεφανιαίων αρτηριών με ψηφιακή ακτινοσκόπηση. Συσχέτιση με το σκορ ασβεστίου μετρούμενο με πολυτομική αξονική τομογραφία καρδιάς /
|c Μαρία Παπαθανασίου ; Πανεπιστήμιο Πατρών, Σχολή Επιστημών Υγείας, Τμήμα Ιατρικής, Τομέας Κλινικών Εργαστηρίων, Εργαστήριο Ακτινολογίας.
|
| 300 |
|
|
|a 98 εκ. :
|b εικ. ;
|c 30 εκ.
|
| 500 |
|
|
|a Μεταπτυχιακό πρόγραμμα σπουδών στις κλινικές και κλινικοεργαστηριακές ειδικότητες.
|
| 502 |
|
|
|a Διατριβή (διδακτορική) -- Πανεπιστήμιο Πατρών, 2016.
|
| 504 |
|
|
|a Περιλαμβάνει βιβλιογραφία.
|
| 650 |
|
4 |
|a Ασθένειες της στεφανιαίας
|9 32145
|
| 650 |
|
0 |
|a Στεφανιαίες αρτηρίες
|9 158595
|x Ασβέστωση
|
| 852 |
|
|
|a GR-PaULI
|b ΠΑΤΡΑ
|b ΙΑΤΡΙΚΗ
|k ΔΙΑΤΡΙΒΗ-10
|h WG 299 ΠΑΠ
|m Δ/001489
|p 025000174245
|t 1
|
| 856 |
4 |
|
|u http://hdl.handle.net/10889/9303
|
| 942 |
|
|
|2 ddc
|c BKTD
|
| 952 |
|
|
|0 0
|1 0
|4 0
|6 WG_299_000000000000000_ΠΑΠ
|7 0
|9 189859
|a MEDI
|b MEDI
|d 2016-04-24
|i Δ/001489
|l 0
|o WG 299 ΠΑΠ
|p 025000174245
|r 2016-04-24 00:00:00
|t 1
|v 2016.00
|w 2016-04-24
|y BKTD
|
| 952 |
|
|
|0 0
|1 0
|2 ddc
|4 0
|6 616_123000000000000_ΠΑΠ
|7 0
|9 207999
|a LISP
|b LISP
|c RES
|d 2016-12-08
|i 134794
|l 0
|o 616.123 ΠΑΠ
|p 025000251544
|r 2016-12-08 00:00:00
|t 2
|v 2016.00
|w 2016-12-08
|y BKTD
|
| 998 |
|
|
|c ΜΑΝΙΑΚΗ
|d 2016-03
|
| 999 |
|
|
|c 116936
|d 116936
|